[Event "Nezhmetdinov Cup 2013"]
[Site "?"]
[Date "2013.06.07"]
[Round "8.41"]
[White "Kaliadzich, Maryia"]
[Black "Pushkin, Eduard"]
[Result "1-0"]
[WhiteElo "1982"]
[BlackElo "2170"]
[PlyCount "101"]
[EventDate "2013.06.07"]

1. e4 c5 2. Nf3 Nc6 3. d4 cxd4 4. Nxd4 g6 5. Be3 Nf6 6. Nc3 Bg7 7. Nxc6 dxc6 8.
Qxd8+ Kxd8 9. O-O-O+ Ke8 10. h3 h5 11. a4 b6 12. Bc4 Be6 13. Bxe6 fxe6 14. Rd2
h4 15. Rhd1 e5 16. f3 Bh6 17. Bxh6 Rxh6 18. b4 a6 19. Kb2 Rh8 20. Kb3 b5 21. a5
Kf7 22. Na2 Nh5 23. Nc1 Kf6 24. Nd3 Rhd8 25. Nxe5 Rxd2 26. Ng4+ Kg5 27. Rxd2
Kf4 28. c4 Kg3 29. Ne3 Kf4 30. Nc2 Kg3 31. c5 Nf4 32. Ne3 Ne6 33. Nf1+ Kf4 34.
Rd7 Rd8 35. Rxe7 Ng5 36. Kc2 Rd4 37. Re8 Rxb4 38. Rf8+ Ke5 39. f4+ Kxe4 40.
fxg5 Rc4+ 41. Kb3 Rxc5 42. Nd2+ Kd3 43. Rd8+ Ke3 44. Nf3 Kf2 45. Nxh4 Rxg5 46.
Rd6 Rg3+ 47. Kb4 g5 48. Nf5 Rxg2 49. Rd2+ Kg1 50. Rxg2+ Kxg2 51. h4 1-0

[Event "Nezhmetdinov Cup 2013"]
[Site "?"]
[Date "2013.06.07"]
[Round "8.42"]
[White "Askerov, Marat"]
[Black "Nevioselaya, Maria"]
[Result "1/2-1/2"]
[WhiteElo "1994"]
[BlackElo "2088"]
[PlyCount "80"]
[EventDate "2013.06.07"]

1. d4 d5 2. c4 c6 3. cxd5 cxd5 4. Nc3 Nf6 5. Bf4 a6 6. e3 Nc6 7. Rc1 Bf5 8. Nf3
e6 9. Be2 Be7 10. O-O O-O 11. Na4 Ne4 12. Qb3 Ra7 13. Rfd1 Qa5 14. h3 h6 15. a3
Bd6 16. Bxd6 Nxd6 17. Nc5 Rc8 18. Ne5 Ne7 19. Qb4 Qd8 20. Ncd7 Rxc1 21. Rxc1
Nec8 22. Nc5 Qe7 23. b3 f6 24. Nf3 b5 25. a4 a5 26. Qd2 b4 27. Nh4 Bh7 28. Bd3
Rc7 29. Bxh7+ Kxh7 30. Qd3+ f5 31. Nf3 Na7 32. Ne5 Ne4 33. Qa6 Qh4 34. Rc2 f4
35. exf4 Nxc5 36. dxc5 Qxf4 37. Qxe6 Qe4 38. Re2 Qxe2 39. Qg6+ Kg8 40. Qe8+ Kh7
1/2-1/2

[Event "Nezhmetdinov Cup 2013"]
[Site "?"]
[Date "2013.06.07"]
[Round "8.44"]
[White "Lyutov, Timofey"]
[Black "Rivonenko, Vladislav"]
[Result "1/2-1/2"]
[WhiteElo "1856"]
[BlackElo "2026"]
[PlyCount "81"]
[EventDate "2013.06.07"]

1. e4 c5 2. Nf3 Nc6 3. c4 g6 4. d4 cxd4 5. Nxd4 Nf6 6. Nc3 Nxd4 7. Qxd4 d6 8.
Be2 Bg7 9. Be3 O-O 10. Qd2 Be6 11. Rc1 Qa5 12. O-O Rfc8 13. b3 a6 14. f3 b5 15.
Nd5 Qxd2 16. Bxd2 Nxd5 17. cxd5 Bd7 18. Bd3 Bd4+ 19. Kh1 Bb2 20. Rb1 Bc3 21.
Be3 Bb4 22. Rfc1 Ba3 23. Rxc8+ Rxc8 24. Bd4 e5 25. dxe6 fxe6 26. h3 Kf7 27. f4
Bc5 28. Bg1 Bxg1 29. Kxg1 Rc3 30. Rd1 Bc6 31. Kf2 d5 32. exd5 Bxd5 33. g3 Ke7
34. Ke3 Kd6 35. Kd4 b4 36. Rd2 a5 37. Rc2 Rxc2 38. Bxc2 a4 39. bxa4 Bxa2 40.
Bd3 Bd5 41. Be2 1/2-1/2

[Event "Nezhmetdinov Cup 2013"]
[Site "?"]
[Date "2013.06.07"]
[Round "8.46"]
[White "Kostrikina, Anna"]
[Black "Gromak, Ivan"]
[Result "1-0"]
[WhiteElo "2151"]
[BlackElo "1894"]
[PlyCount "93"]
[EventDate "2013.06.07"]

1. e4 c5 2. Nf3 e6 3. d4 cxd4 4. Nxd4 Nf6 5. Nc3 d6 6. Be2 Be7 7. O-O O-O 8. f4
Nc6 9. Kh1 Nxd4 10. Qxd4 b6 11. Bf3 Bb7 12. Qf2 Rc8 13. e5 Nd5 14. Ne4 Qc7 15.
Qg3 Kh8 16. c3 Rfd8 17. Bd2 Ba6 18. Rfd1 dxe5 19. fxe5 f5 20. Ng5 Bxg5 21. Bxg5
Ne7 22. Rd6 Re8 23. Rad1 Ng6 24. Bh5 Bb5 25. Bxg6 hxg6 26. Be3 Qf7 27. R1d4 Kg8
28. a4 Bc6 29. Rh4 Bd5 30. Bd4 Rcd8 31. Rxd8 Rxd8 32. Rh3 Ra8 33. Qh4 Kf8 34.
a5 b5 35. Bc5+ Ke8 36. Rd3 Rd8 37. Kg1 Qc7 38. b4 Kf7 39. Bd6 Qd7 40. Qg5 Rh8
41. Rg3 Rh6 42. a6 Kg8 43. Qe3 Qc6 44. Qxa7 f4 45. Rd3 Bxg2 46. Bf8 Rh7 47. Rd8
1-0

[Event "Nezhmetdinov Cup 2013"]
[Site "?"]
[Date "2013.06.07"]
[Round "8.47"]
[White "Gubajdullin, Marsel"]
[Black "Sadykov, Mars"]
[Result "0-1"]
[WhiteElo "1936"]
[BlackElo "2113"]
[PlyCount "96"]
[EventDate "2013.06.07"]

1. d4 d5 2. e3 Bf5 3. Bd3 Bxd3 4. Qxd3 c6 5. c4 e6 6. Nc3 Nf6 7. Nf3 Bd6 8. b3
O-O 9. a4 Qe7 10. Ne5 a5 11. f4 Na6 12. c5 Bc7 13. O-O Nb4 14. Qb1 g6 15. Bd2
Kg7 16. Qd1 Ng8 17. Be1 Nh6 18. Nf3 f6 19. Bh4 Rae8 20. Qd2 Nf5 21. Bg3 Nxg3
22. hxg3 e5 23. Rae1 e4 24. Nh2 f5 25. Rb1 g5 26. Nd1 gxf4 27. gxf4 Kh8 28. Nb2
Rg8 29. Rf2 Rg6 30. Nf1 Reg8 31. g3 Rg4 32. Rg2 R8g6 33. Kf2 Qg7 34. Ke1 Kg8
35. Qf2 h5 36. Rd1 h4 37. Rd2 hxg3 38. Qg1 Kf7 39. Rde2 b6 40. cxb6 Bxb6 41.
Rd2 c5 42. Kd1 cxd4 43. exd4 Rxf4 44. Ke1 Rf3 45. Nd1 f4 46. Qh1 Rh6 47. Qg1
Nd3+ 48. Ke2 Bxd4 0-1

[Event "Nezhmetdinov Cup 2013"]
[Site "?"]
[Date "2013.06.07"]
[Round "8.48"]
[White "Padikov, Denis"]
[Black "Kungurov, Andrei"]
[Result "0-1"]
[WhiteElo "1820"]
[BlackElo "2054"]
[PlyCount "96"]
[EventDate "2013.06.07"]

1. Nf3 e6 2. d4 d5 3. g3 f5 4. c4 c6 5. Bg2 Nf6 6. Nc3 Bd6 7. c5 Bc7 8. b4 b6
9. O-O a5 10. b5 Ne4 11. Nxe4 dxe4 12. Ne5 Bxe5 13. dxe5 Qxd1 14. Rxd1 cxb5 15.
cxb6 Bb7 16. f4 Ke7 17. Be3 Na6 18. Rdb1 Bc6 19. Rc1 Rhc8 20. Bc5+ Ke8 21. Bd6
Bd5 22. Rcb1 b4 23. a3 b3 24. Rxb3 Bxb3 25. b7 Rab8 26. bxc8=Q+ Rxc8 27. Rb1 a4
28. Bf1 Rc2 29. Kf2 Nc7 30. g4 g6 31. gxf5 gxf5 32. Kg3 Nd5 33. e3 Nxe3 34.
Bb5+ Kf7 35. Bxa4 Bxa4 36. Rb7+ Ke8 37. Re7+ Kd8 38. Rxe6 Nf1+ 39. Kh4 e3 40.
Bb4 e2 41. Rd6+ Kc8 42. Kg5 Rc4 43. Ba5 Rc5 44. Bb4 Rb5 45. Be1 Rb1 46. Ba5 Rd1
47. Rh6 Nd2 48. Kxf5 e1=Q 0-1

[Event "Nezhmetdinov Cup 2013"]
[Site "?"]
[Date "2013.06.07"]
[Round "8.49"]
[White "Murtazin, Ruslan"]
[Black "Fedotov, Nikita"]
[Result "0-1"]
[WhiteElo "1710"]
[BlackElo "1973"]
[PlyCount "72"]
[EventDate "2013.06.07"]

1. e4 c5 2. Nf3 d6 3. d4 cxd4 4. Nxd4 Nf6 5. Nc3 a6 6. Be3 e6 7. f3 b5 8. Qd2
Nbd7 9. g4 Nb6 10. O-O-O Bb7 11. a3 Rc8 12. Kb1 Nfd7 13. g5 Ne5 14. f4 Nec4 15.
Bxc4 Nxc4 16. Qf2 Nxa3+ 17. bxa3 Rxc3 18. Bc1 Bxe4 19. Rhe1 d5 20. f5 e5 21.
Bb2 Rc4 22. f6 g6 23. Rd2 Bd6 24. Nf3 Qc7 25. Qg2 b4 26. a4 b3 27. Rxe4 dxe4
28. Ne1 bxc2+ 29. Nxc2 Rxa4 30. Ne3 O-O 31. Nd5 Qc5 32. Nc3 Rd4 33. Nxe4 Qb4
34. Rxd4 exd4 35. Nxd6 Qxd6 36. h4 Rb8 0-1

[Event "Nezhmetdinov Cup 2013"]
[Site "Kazan"]
[Date "2013.06.08"]
[Round "9.1"]
[White "Aleksandrov, Aleksej"]
[Black "Rozum, Ivan"]
[Result "1/2-1/2"]
[WhiteElo "2617"]
[BlackElo "2482"]
[PlyCount "98"]
[EventDate "2013.??.??"]

1. d4 Nf6 2. c4 e6 3. Nc3 Bb4 4. e3 c5 5. Nge2 d6 6. a3 Ba5 7. Ng3 O-O 8. Be2
d5 9. dxc5 Bxc3+ 10. bxc3 dxc4 11. O-O Nbd7 12. Qd4 Qc7 13. Qh4 Nxc5 14. e4 b5
15. Bg5 Nfd7 16. Be7 Re8 17. Rfd1 Nd3 18. Bxd3 cxd3 19. Rxd3 Ne5 20. Bd6 Qd8
21. Qxd8 Rxd8 22. Rdd1 Nc4 23. Bc5 Bb7 24. Rxd8+ Rxd8 25. Bxa7 Nxa3 26. Bb6 Ra8
27. Bc5 Nc4 28. Rd1 Bc6 29. h4 f6 30. f3 Kf7 31. h5 h6 32. Ne2 Ke8 33. Nf4 Bd7
34. Bf8 Ne3 35. Rd3 Ra1+ 36. Kf2 Nd1+ 37. Kg3 Nb2 38. Rxd7 Kxd7 39. Bxg7 Ke7
40. Bxh6 Kf7 41. e5 fxe5 42. Nh3 Kg8 43. Nf2 Re1 44. Ne4 Nd1 45. Bg5 Re2 46.
Bd2 Kg7 47. Bc1 Kg8 48. Bd2 Kg7 49. Bc1 Kg8 1/2-1/2

[Event "Nezhmetdinov Cup 2013"]
[Site "Kazan"]
[Date "2013.06.08"]
[Round "9.2"]
[White "Kovalenko, Igor"]
[Black "Fedorov, Alexei"]
[Result "1-0"]
[WhiteElo "2596"]
[BlackElo "2591"]
[PlyCount "65"]
[EventDate "2013.??.??"]

1. d4 Nf6 2. c4 g6 3. Nc3 Bg7 4. e4 d6 5. h3 O-O 6. Be3 e5 7. d5 a5 8. Bd3 Na6
9. Nge2 c6 10. O-O Bd7 11. Na4 Be8 12. Rc1 cxd5 13. cxd5 b5 14. Nac3 Qb8 15. a4
b4 16. Nb1 Nd7 17. Nd2 f5 18. f3 Ndc5 19. Bc2 f4 20. Bf2 Bf6 21. b3 Bd8 22. Nc4
Bc7 23. g3 g5 24. gxf4 gxf4 25. Kh2 Rf6 26. Rg1+ Kf8 27. Bh4 Rh6 28. Bg5 Rg6
29. Nxf4 exf4 30. Qd4 Rxg5 31. Rxg5 Bf7 32. Qg7+ Ke7 33. e5 1-0

[Event "Nezhmetdinov Cup 2013"]
[Site "Kazan"]
[Date "2013.06.08"]
[Round "9.5"]
[White "Ulibin, Mikhail"]
[Black "Azarov, Sergei"]
[Result "1/2-1/2"]
[WhiteElo "2523"]
[BlackElo "2629"]
[PlyCount "75"]
[EventDate "2013.??.??"]

1. d4 Nf6 2. c4 e6 3. g3 d5 4. Bg2 Bb4+ 5. Bd2 Be7 6. Nf3 O-O 7. O-O c6 8. Qb3
b6 9. Nc3 a5 10. Bf4 dxc4 11. Qxc4 Ba6 12. Qa4 Nd5 13. Bxb8 Rxb8 14. Ne5 b5 15.
Qc2 Nb4 16. Qd1 Rc8 17. a3 Nd5 18. Rc1 b4 19. axb4 Nxb4 20. Ne4 Bb5 21. Nc5 Qc7
22. Qd2 Rfd8 23. Rfd1 Bf6 24. f4 Be7 25. b3 Qa7 26. e3 g6 27. h4 Bf8 28. Be4
Kg7 29. Kg2 Bxc5 30. Rxc5 f6 31. Nf3 Qe7 32. Kf2 Na6 33. Rcc1 Nb4 34. Rc5 Na6
35. Rcc1 Nb4 36. Rc5 Na6 37. Rcc1 Nb4 38. Rc5 1/2-1/2

[Event "Nezhmetdinov Cup 2013"]
[Site "Kazan"]
[Date "2013.06.08"]
[Round "9.6"]
[White "Onischuk, Vladimir"]
[Black "Gabrielian, Artur"]
[Result "1/2-1/2"]
[WhiteElo "2584"]
[BlackElo "2545"]
[PlyCount "149"]
[EventDate "2013.??.??"]

1. e4 c5 2. Nf3 d6 3. d4 cxd4 4. Nxd4 Nf6 5. Nc3 a6 6. Be2 e6 7. O-O Be7 8. f4
Qc7 9. Be3 O-O 10. g4 d5 11. exd5 Nxd5 12. Nxd5 exd5 13. Bf3 Re8 14. c3 Nd7 15.
Qd2 Nf6 16. g5 Ng4 17. Rae1 Bd7 18. Bxd5 Rad8 19. Qg2 Nxe3 20. Rxe3 Bc5 21.
Rxe8+ Rxe8 22. Qf3 Bb5 23. Rf2 Bxd4 24. cxd4 Qc1+ 25. Kg2 Re3 26. Qg4 Re1 27.
Kh3 Rg1 28. Qf5 Qe3+ 29. Rf3 Qe8 30. Kh4 g6 31. Qe5 Qd8 32. Rg3 Rf1 33. Rf3 Rg1
34. Rc3 Bd7 35. Rg3 Rf1 36. Rf3 Rg1 37. Rg3 Rf1 38. Re3 h6 39. Qd6 hxg5+ 40.
fxg5 Kg7 41. Qe5+ Kg8 42. Rf3 Rxf3 43. Bxf3 Qb6 44. b3 Qb4 45. Kg3 Qc3 46. Qe4
Qd2 47. h4 b5 48. Qe5 Qc3 49. Qb8+ Kh7 50. Qf4 Be6 51. h5 Bd5 52. hxg6+ fxg6
53. Kf2 Qc2+ 54. Be2 Be6 55. Qf3 Qc7 56. Qe3 Bf5 57. Qe5 Qc3 58. Qe7+ Kg8 59.
Qe3 Qc7 60. Bf3 Qh2+ 61. Ke1 Qxa2 62. Bd5+ Kf8 63. Qc3 Bd7 64. Qc5+ Ke8 65. Be4
Qa1+ 66. Kd2 Qb2+ 67. Ke1 Qa1+ 68. Kf2 Qb2+ 69. Kg1 Qa1+ 70. Kh2 Qb2+ 71. Kg1
Qa1+ 72. Kf2 Qb2+ 73. Ke1 Qa1+ 74. Kd2 Qb2+ 75. Ke1 1/2-1/2

[Event "Nezhmetdinov Cup 2013"]
[Site "Kazan"]
[Date "2013.06.08"]
[Round "9.8"]
[White "Gerasimov, Ivan"]
[Black "Shariyazdanov, Andrey"]
[Result "0-1"]
[WhiteElo "2336"]
[BlackElo "2579"]
[PlyCount "84"]
[EventDate "2013.??.??"]

1. e4 c5 2. Nf3 Nc6 3. d4 cxd4 4. Nxd4 g6 5. Nc3 Bg7 6. Be3 Nf6 7. f3 O-O 8.
Qd2 d5 9. Nxc6 bxc6 10. e5 Nd7 11. f4 e6 12. Na4 f6 13. exf6 Qxf6 14. c3 e5 15.
O-O-O exf4 16. Bd4 Qd6 17. Bxg7 Kxg7 18. Be2 Kg8 19. c4 Nf6 20. Nc3 Bf5 21. Bf3
Rab8 22. cxd5 c5 23. Rhe1 Rb4 24. Qe2 Re8 25. Qxe8+ Nxe8 26. Rxe8+ Kg7 27. Rde1
Rb7 28. R1e2 c4 29. Be4 Bd7 30. Rd8 Kh6 31. Ra8 Bg4 32. Bf3 Bf5 33. Rae8 a6 34.
h3 Bd3 35. R8e6 Qc5 36. Rd2 Qa5 37. Rf2 Rxb2 38. Kxb2 Qb4+ 39. Kc1 Qxc3+ 40.
Kd1 Qa1+ 41. Kd2 Qxa2+ 42. Ke1 Qa5+ 0-1

[Event "Nezhmetdinov Cup 2013"]
[Site "Kazan"]
[Date "2013.06.08"]
[Round "9.9"]
[White "Zakhartsov, Viacheslav"]
[Black "Ibragimov, Ildar"]
[Result "1-0"]
[WhiteElo "2536"]
[BlackElo "2571"]
[PlyCount "79"]
[EventDate "2013.??.??"]

1. d4 Nf6 2. c4 e6 3. Nc3 Bb4 4. e3 b6 5. Nge2 Ba6 6. a3 Bxc3+ 7. Nxc3 d5 8.
Qf3 O-O 9. g4 c5 10. dxc5 Nbd7 11. cxd5 Bxf1 12. Kxf1 Nxc5 13. e4 exd5 14. exd5
Qc8 15. h3 Nfd7 16. Bf4 Qa6+ 17. Kg2 Nd3 18. Bd6 Rfe8 19. Rab1 Qc4 20. Rhd1
N3e5 21. Qg3 f5 22. gxf5 Nf7 23. Bf4 Nf6 24. Be3 Qc8 25. Nb5 Re5 26. Nd4 Ne4
27. Qf4 Qd7 28. Ne6 Ned6 29. f6 g6 30. Rbc1 Rc8 31. Rxc8+ Qxc8 32. Rc1 Qb7 33.
Nc7 Rf5 34. Qd4 Ne8 35. Nxe8 Rxd5 36. Rc7 Rg5+ 37. Kf1 Qh1+ 38. Ke2 Rd5 39. Rc8
Qxh3 40. Nd6+ 1-0

[Event "Nezhmetdinov Cup 2013"]
[Site "?"]
[Date "2013.06.08"]
[Round "9.10"]
[White "Rychagov, Andrey"]
[Black "Kalegin, Evgenij"]
[Result "1-0"]
[WhiteElo "2561"]
[BlackElo "2447"]
[PlyCount "109"]
[EventDate "2013.06.04"]

1. d4 Nf6 2. c4 g6 3. g3 Bg7 4. Bg2 O-O 5. Nc3 d6 6. Nf3 Nbd7 7. O-O e5 8. e4
h6 9. h3 Nh7 10. Be3 Ng5 11. Nxg5 hxg5 12. d5 a5 13. Qd2 Bf6 14. b3 Be7 15. f3
Nc5 16. Rab1 Bd7 17. a3 a4 18. b4 Nb3 19. Qd3 f5 20. g4 b6 21. Ne2 f4 22. Bf2
Qe8 23. Nc1 b5 24. Nxb3 bxc4 25. Qxc4 Bb5 26. Qc1 Bxf1 27. Bxf1 axb3 28. b5 Qf7
29. Rxb3 Rfb8 30. Qc4 Bd8 31. a4 Kh7 32. Be1 Kg8 33. a5 Kh7 34. Kg2 Rc8 35. Ra3
Qe7 36. Bf2 Qd7 37. Qa2 Rcb8 38. Rb3 Kg7 39. Qa4 Qf7 40. Bc4 Qe7 41. Be1 Qd7
42. Rb2 Qe7 43. Rc2 Qd7 44. Bf1 Rb7 45. Rc6 Kh6 46. Bf2 Rbb8 47. Qb4 Be7 48.
Be2 Rc8 49. a6 Qd8 50. a7 Qd7 51. Qa5 Bd8 52. Qa6 Be7 53. Qb7 Bd8 54. b6 Qe7
55. Qxc8 1-0

[Event "Nezhmetdinov Cup 2013"]
[Site "?"]
[Date "2013.06.08"]
[Round "9.11"]
[White "Atalik, Ekaterina"]
[Black "Goganov, Aleksey"]
[Result "0-1"]
[WhiteElo "2445"]
[BlackElo "2552"]
[PlyCount "96"]
[EventDate "2013.06.04"]

1. d4 Nf6 2. c4 e6 3. Nc3 Bb4 4. e3 c5 5. Bd3 Nc6 6. Nge2 cxd4 7. exd4 d5 8.
cxd5 Qxd5 9. O-O Qh5 10. Bf4 O-O 11. a3 Bxc3 12. Nxc3 Rd8 13. Be3 Qh4 14. g3
Qh3 15. f3 h6 16. Rc1 b6 17. Ne2 Nd5 18. Bf2 Bb7 19. Be4 Nce7 20. Nc3 Rd7 21.
Qe2 Rad8 22. Rfd1 Nf6 23. Bxb7 Rxb7 24. Ne4 Ned5 25. Rc6 Rbd7 26. Rdc1 Qh5 27.
g4 Qh3 28. Bg3 Nxe4 29. Qxe4 Nf6 30. Qe2 Rxd4 31. Rc8 R4d7 32. Rxd8+ Rxd8 33.
Rd1 Nd5 34. f4 h5 35. gxh5 Rc8 36. Re1 Nf6 37. h6 Qxh6 38. Qa6 Rc2 39. Qxa7
Rxb2 40. f5 Qd2 41. Qa8+ Kh7 42. Qf3 e5 43. Rd1 Qg5 44. Qc3 Re2 45. Qf3 Re3 46.
Qf1 Nh5 47. Qh3 Rxa3 48. Kh1 Qh6 0-1

[Event "Nezhmetdinov Cup 2013"]
[Site "?"]
[Date "2013.06.08"]
[Round "9.12"]
[White "Dzhumaev, Marat"]
[Black "Belyakov, Bogdan"]
[Result "1-0"]
[WhiteElo "2549"]
[BlackElo "2407"]
[PlyCount "93"]
[EventDate "2013.06.04"]

1. e4 e5 2. Nf3 Nc6 3. Bc4 Bc5 4. c3 Nf6 5. d3 O-O 6. O-O d5 7. exd5 Nxd5 8.
Re1 Bg4 9. h3 Bh5 10. Nbd2 Nf6 11. b4 Bd6 12. a4 Re8 13. Bb2 Qd7 14. Qb3 Re7
15. a5 Rae8 16. a6 bxa6 17. Ng5 e4 18. Ngxe4 Nxe4 19. dxe4 Bf4 20. Nf1 Rxe4 21.
Rxe4 Rxe4 22. Bxa6 Ne5 23. c4 Be2 24. Ng3 Bxg3 25. Qxg3 Ng6 26. Re1 f6 27. Bb5
c6 28. Ba4 Ne5 29. Bc2 Nd3 30. Bxf6 Kf8 31. Bxd3 Bxd3 32. Rxe4 Bxe4 33. Bxg7+
Kf7 34. Bc3 Qd3 35. Qg7+ Ke8 36. c5 Bd5 37. Qh8+ Kf7 38. Qf6+ Ke8 39. Kh2 Qg6
40. Qe5+ Kd7 41. f3 a6 42. Qf4 Qe6 43. Qb8 Qg6 44. Be5 h6 45. Bd6 Qe6 46. Qb7+
Ke8 47. Qxa6 1-0

[Event "Nezhmetdinov Cup 2013"]
[Site "?"]
[Date "2013.06.08"]
[Round "9.13"]
[White "Yandemirov, Valeri"]
[Black "Maiorov, Nikita"]
[Result "1/2-1/2"]
[WhiteElo "2422"]
[BlackElo "2535"]
[PlyCount "92"]
[EventDate "2013.06.04"]

1. e4 e5 2. Nf3 Nc6 3. Nc3 Nf6 4. d4 exd4 5. Nxd4 Bc5 6. Nxc6 bxc6 7. Bd3 O-O
8. O-O Re8 9. Bf4 d6 10. Qd2 Bd4 11. Rae1 Rb8 12. e5 Bxe5 13. Bxe5 dxe5 14.
Rxe5 Rxb2 15. Rd1 g6 16. Rxe8+ Qxe8 17. Bc4 Rb8 18. Qd4 Be6 19. Re1 Qd8 20.
Qxd8+ Rxd8 21. Bxe6 fxe6 22. Rxe6 Rd2 23. Re2 Rd4 24. f3 Rc4 25. Ne4 Nxe4 26.
Rxe4 Rxc2 27. Ra4 Rd2 28. Rxa7 Rd7 29. Ra6 Rd6 30. Ra7 Rd7 31. Kf2 Kf7 32. Ra6
Rd6 33. Ra7 Rd7 34. Ra6 Rd6 35. Ke2 Ke7 36. Ra3 c5 37. Re3+ Kf6 38. a4 c4 39.
a5 Ra6 40. Ra3 Ke5 41. Kd2 Kd4 42. Ra4 g5 43. g3 Kc5 44. Kc3 Kb5 45. Rb4+ Kxa5
46. Rxc4 Kb6 1/2-1/2

[Event "Nezhmetdinov Cup 2013"]
[Site "?"]
[Date "2013.06.08"]
[Round "9.15"]
[White "Gajsin, Evgenij"]
[Black "Ponfilenok, Vladimir"]
[Result "0-1"]
[WhiteElo "2457"]
[BlackElo "2395"]
[PlyCount "98"]
[EventDate "2013.06.04"]

1. e4 e6 2. d4 d5 3. Nc3 Bb4 4. e5 c5 5. a3 Bxc3+ 6. bxc3 Ne7 7. Qg4 O-O 8. Bd3
f5 9. exf6 Rxf6 10. Bg5 Rf7 11. Qh5 g6 12. Qd1 Nbc6 13. Nf3 Qf8 14. O-O c4 15.
Be2 h6 16. Bc1 Qg7 17. Re1 g5 18. h4 g4 19. Nd2 Qf6 20. Rf1 h5 21. g3 Nf5 22.
Nxc4 dxc4 23. Bg5 Qg6 24. Bxc4 Bd7 25. Re1 Nce7 26. Bb3 Ng7 27. c4 Qf5 28. Qd2
Ng6 29. c3 Nf8 30. Re5 Qg6 31. Rae1 Rc8 32. d5 exd5 33. cxd5 Qb6 34. Ba2 Ng6
35. R5e3 Kh7 36. d6 Rff8 37. Re7 Nxe7 38. Rxe7 Rxc3 39. Rxg7+ Kxg7 40. Qxc3+
Kh7 41. Qd2 Qb5 42. Qe1 Qb2 43. Qe7+ Qg7 44. Bb1+ Kh8 45. Qe4 Bc6 46. Qc2 Rf7
47. Bf4 Qd4 48. Ba2 Be4 49. Qb3 Qa1+ 0-1

[Event "Nezhmetdinov Cup 2013"]
[Site "?"]
[Date "2013.06.08"]
[Round "9.16"]
[White "Durarbayli, Vasif"]
[Black "Zakhartsov, Vladimir"]
[Result "0-1"]
[WhiteElo "2597"]
[BlackElo "2335"]
[PlyCount "80"]
[EventDate "2013.06.04"]

1. e4 c5 2. Nf3 d6 3. d4 Nf6 4. dxc5 Qa5+ 5. Bd2 Qxc5 6. Nc3 a6 7. h3 Nbd7 8.
g4 h6 9. Be3 Qc7 10. Nd4 b5 11. Bg2 Bb7 12. O-O e6 13. a3 Nc5 14. f3 d5 15.
exd5 Nxd5 16. Nxd5 Bxd5 17. Nf5 O-O-O 18. Nd4 e5 19. Nf5 g6 20. Ng3 f5 21. b4
Na4 22. Bd2 Bc4 23. Rf2 e4 24. Nf1 Bg7 25. fxe4 fxe4 26. Ne3 Nc3 27. Qe1 Ne2+
28. Rxe2 Bxe2 29. Rc1 Qd6 30. Bc3 Bxc3 31. Qxc3+ Kb8 32. Bxe4 Rhe8 33. Bg2 Qf4
34. Nf1 Qd4+ 35. Qxd4 Rxd4 36. Re1 Rd1 37. Rxd1 Bxd1 38. c3 Rc8 39. Ne3 Bb3 40.
c4 Bxc4 0-1

[Event "Nezhmetdinov Cup 2013"]
[Site "?"]
[Date "2013.06.08"]
[Round "9.17"]
[White "Zenzera, Alexey"]
[Black "Maletin, Pavel"]
[Result "1/2-1/2"]
[WhiteElo "2387"]
[BlackElo "2611"]
[PlyCount "76"]
[EventDate "2013.06.04"]

1. c4 c5 2. Nf3 Nf6 3. Nc3 Nc6 4. g3 g6 5. Bg2 d6 6. O-O Bg7 7. d4 cxd4 8. Nxd4
Bd7 9. Nb3 O-O 10. c5 dxc5 11. Nxc5 Bc8 12. Bf4 Qa5 13. Nb3 Qh5 14. e4 Bg4 15.
f3 Be6 16. Qe1 Bxb3 17. axb3 Qc5+ 18. Kh1 Qb4 19. Bd2 Qxb3 20. e5 Nd7 21. f4
Nc5 22. Bd5 Qxb2 23. Qe3 Qb6 24. Rfb1 Nb4 25. Bf3 Rfd8 26. Na4 Nxa4 27. Rxb4
Qxe3 28. Bxe3 Nb6 29. Bxb6 axb6 30. Rxa8 Rxa8 31. Rxb6 g5 32. Rxb7 gxf4 33.
gxf4 Ra4 34. Rxe7 Rxf4 35. Bd5 Kf8 36. Rxf7+ Rxf7 37. Bxf7 Kxf7 38. e6+ Kxe6
1/2-1/2

[Event "Nezhmetdinov Cup 2013"]
[Site "?"]
[Date "2013.06.08"]
[Round "9.20"]
[White "Denisov, Lev"]
[Black "Pakhomov, Egor"]
[Result "0-1"]
[WhiteElo "2368"]
[BlackElo "2429"]
[PlyCount "88"]
[EventDate "2013.06.04"]

1. d4 Nf6 2. c4 g6 3. Nc3 Bg7 4. e4 d6 5. f3 O-O 6. Be3 Nc6 7. Nge2 a6 8. Rc1
e5 9. d5 Ne7 10. Qd2 Nd7 11. g3 f5 12. Bg2 fxe4 13. Nxe4 Nf5 14. O-O Nxe3 15.
Qxe3 Nf6 16. N2c3 Bf5 17. Rfd1 b6 18. Nxf6+ Bxf6 19. Ne4 Be7 20. Rc3 a5 21. b3
Qd7 22. Bf1 Kg7 23. Bd3 h6 24. Bc2 Qe8 25. Bd3 Rf7 26. Rc2 Qh8 27. Rf2 Raf8 28.
a3 h5 29. h4 Qh6 30. Re1 Bd7 31. Qxh6+ Kxh6 32. Kg2 g5 33. hxg5+ Bxg5 34. Rh1
Be3 35. Rff1 Bf5 36. Re1 Bd4 37. a4 Bg6 38. Rhf1 h4 39. g4 h3+ 40. Kxh3 Rxf3+
41. Kg2 R3f4 42. Rxf4 Rxf4 43. Kg3 Kg7 44. Bb1 Be8 0-1

[Event "Nezhmetdinov Cup 2013"]
[Site "?"]
[Date "2013.06.08"]
[Round "9.21"]
[White "Ayupov, Damir"]
[Black "Isajevsky, Anton"]
[Result "1/2-1/2"]
[WhiteElo "2334"]
[BlackElo "2415"]
[PlyCount "110"]
[EventDate "2013.06.04"]

1. e4 c5 2. Nf3 Nc6 3. d4 cxd4 4. Nxd4 Nf6 5. Nc3 e6 6. Ndb5 d6 7. Bf4 e5 8.
Bg5 a6 9. Na3 b5 10. Nd5 Qa5+ 11. Bd2 Qd8 12. Bg5 Be7 13. Bxf6 Bxf6 14. c3 Rb8
15. Nc2 Bg5 16. a4 bxa4 17. Ncb4 Nxb4 18. Nxb4 Bd7 19. Bxa6 Qa5 20. Qxd6 Rb6
21. Qd3 Be7 22. Nd5 Rxb2 23. O-O Qc5 24. Rab1 Rxb1 25. Rxb1 O-O 26. Bb5 Bxb5
27. Rxb5 Qa7 28. Qe3 Qd7 29. Ra5 Rb8 30. Nxe7+ Qxe7 31. g3 Qd6 32. Qa7 h6 33.
Rd5 Rb1+ 34. Kg2 Qc6 35. Rd8+ Kh7 36. Qxf7 Qxe4+ 37. f3 Qc2+ 38. Kh3 Rb6 39.
Qg8+ Kg6 40. Qe8+ Kh7 41. Qxe5 Qb1 42. Ra8 Qf1+ 43. Kg4 Rg6+ 44. Kh4 Qg2 45.
Qf5 Qxh2+ 46. Qh3 Qe2 47. Qf5 Qh2+ 48. Qh3 Qe2 49. Qf5 a3 50. Qc8 Qh2+ 51. Qh3
Qe2 52. Qc8 Qh2+ 53. Qh3 Qe2 54. Qc8 Qh2+ 55. Qh3 Qe2 1/2-1/2

[Event "Nezhmetdinov Cup 2013"]
[Site "?"]
[Date "2013.06.08"]
[Round "9.23"]
[White "Lugovskoy, Maxim"]
[Black "Faizrakhmanov, Ramil"]
[Result "0-1"]
[WhiteElo "2396"]
[BlackElo "2317"]
[PlyCount "194"]
[EventDate "2013.06.04"]

1. e4 c6 2. d4 d5 3. Nc3 dxe4 4. Nxe4 Bf5 5. Ng3 Bg6 6. Nh3 Nf6 7. Nf4 Nbd7 8.
Qe2 e5 9. Nxg6 hxg6 10. f4 e4 11. Nxe4 Nxe4 12. Qxe4+ Be7 13. Bd2 Nf6 14. Qd3
Ng4 15. Be2 Nh6 16. O-O-O Nf5 17. c3 Qd5 18. Bg4 O-O-O 19. Kb1 Kb8 20. Bf3 Qd7
21. Be1 Nh4 22. Be4 f5 23. Bf3 Nxf3 24. Qxf3 Qd5 25. Qxd5 cxd5 26. Bd2 Bh4 27.
g3 Bf6 28. Rde1 Rh3 29. Re2 Rdh8 30. Rg2 Kc7 31. Kc2 b5 32. Kd3 Kd7 33. Be1 Re8
34. Re2 Rhh8 35. Rxe8 Rxe8 36. Bd2 Kc6 37. b3 Re4 38. Be3 Bd8 39. h4 Re8 40.
Rd1 a6 41. Rc1 Bb6 42. Rg1 Bd8 43. Ra1 Bc7 44. a4 Kb7 45. Ra2 Bb6 46. Bf2 Kc6
47. Ra1 Kb7 48. axb5 axb5 49. Rh1 Bd8 50. Ra1 Bf6 51. Ra5 Kb6 52. Ra2 Kb7 53.
c4 bxc4+ 54. bxc4 dxc4+ 55. Kxc4 Re4 56. Kd5 Kc7 57. Ra7+ Kb6 58. Ra2 Kc7 59.
Rb2 Kd7 60. Rc2 Re8 61. Ra2 Re4 62. Ra7+ Kc8 63. Ra1 Kd7 64. Rd1 Be7 65. Be1
Bf6 66. Bb4 Re3 67. Rg1 Rd3 68. Bc5 Rc3 69. Rg2 Rf3 70. Bd6 Bxd4 71. Rc2 Bb6
72. Be5 Rd3+ 73. Kc4 Rxg3 74. Bxg7 Bc7 75. Bh6 Rg4 76. h5 gxh5 77. Rh2 h4 78.
Kd5 Ke7 79. Rc2 Bb8 80. Bg5+ Kf7 81. Rf2 Kg6 82. Ke6 h3 83. Rf3 h2 84. Rh3 Bxf4
85. Bxf4 Rxf4 86. Rxh2 Re4+ 87. Kd5 Re8 88. Kd4 f4 89. Kd3 Kf5 90. Rh7 f3 91.
Rf7+ Kg4 92. Rg7+ Kh3 93. Rh7+ Kg2 94. Rg7+ Kf1 95. Kd2 f2 96. Ra7 Rg8 97. Ke3
Kg1 0-1

[Event "Nezhmetdinov Cup 2013"]
[Site "?"]
[Date "2013.06.08"]
[Round "9.24"]
[White "Mischuk, Dmitry"]
[Black "Makhmutov, Rail"]
[Result "0-1"]
[WhiteElo "2312"]
[BlackElo "2360"]
[PlyCount "104"]
[EventDate "2013.06.04"]

1. d4 Nf6 2. c4 e6 3. Nf3 b6 4. g3 Ba6 5. Qc2 Bb7 6. Bg2 c5 7. d5 exd5 8. cxd5
Nxd5 9. O-O Be7 10. Rd1 Nc6 11. a3 Nc7 12. Nc3 O-O 13. Bf4 Ne6 14. e3 Re8 15.
Bd6 Bxd6 16. Rxd6 Qe7 17. Rd2 d6 18. Nd5 Qf8 19. Rad1 Rad8 20. Qa4 Na5 21. Nh4
Kh8 22. b4 Nc4 23. Rc2 a6 24. Qb3 b5 25. a4 Ne5 26. axb5 axb5 27. bxc5 dxc5 28.
Qxb5 Bc6 29. Qa5 Ra8 30. Qc3 Ba4 31. Rdc1 Bxc2 32. Rxc2 Nd7 33. Nf5 Rab8 34. h4
Rb1+ 35. Kh2 Reb8 36. Ra2 R1b3 37. Qc2 Ne5 38. Qe4 Nd3 39. Rd2 Ne1 40. Bh1 Rb2
41. Rd1 Nc2 42. Kg1 Nb4 43. Nde7 Rd8 44. Rf1 Rbd2 45. h5 R2d7 46. h6 Rxe7 47.
hxg7+ Nxg7 48. Qxe7 Nxf5 49. Qf6+ Ng7 50. Ra1 Kg8 51. Be4 Ne6 52. Kg2 Qg7 0-1